000 00946nas a2200313 4500
001 BR2013007057
003 BR-BrBNA
005 20231205122856.0
007 ta
008 230509b bl.|||p| |||| 00| 00por d
040 _aBR-BrBNA
_bpor
_cBiblioteca Nacional de Agricultura
041 _a(En)
072 _aH10
100 1 _aMaia, V.C.
100 1 _aFernandes, G.W.
100 1 _aMagalhães, H.
100 1 _aSantos, J.C.
245 1 _aTwo new species of Lopesia Rübsaamen (Diptera, Cecidomyiidae)associated with Mimosa hostilis (Mimosaceae)in Brazil
650 _aDIPTERA
650 _aINSETO
650 _aESPÉCIE
650 _aTAXONOMIA ANIMAL
650 _aMIMOSA HOSTILIS
650 _aCAATINGA
650 _aPERNAMBUCO
773 0 _tRevista Brasileira de Entomologia (Brazil)
_xISSN 0085-5626
_g(Oct-Dec 2010), v. 54(4) p. 578-583
_wBR2013007057
909 _a202311
_bLúcia
_c55
_dLúcia Elande
942 _2AGRIS
_n0
_cANA
999 _c231033
_d231033